000 00590nam a2200193 i 4500
001 96770
003 ES-MaACL
005 20250818043013.0
007 t|
008 050630q1917 sp ||||1| spa d
100 1 _aManero, Antonio.
_975983
245 1 0 _aMéxico y la solidaridad americana
_b: la doctrina de Carranza /
_cAntonio Manero.
260 _aMadrid :
_bJuan Pueyo,
_c[1917?]
300 _aXI, 243 p. ;
_c19 cm.
600 1 4 _aCarranza, Venustiano,
_d1859-1920
_935508
651 4 _aMéxico-
_xHistoria-
_z1910-1946.
_99066
852 _aES-MaACL
_jF-5611
999 _c96770
_d96770